Ali the fourth caliph of Islam. (Record no. 542269)

000 -LEADER
fixed length control field 00378cam a22001451 4500
082 ## - DEWEY DECIMAL CLASSIFICATION NUMBER
Classification number 297.646
Author Mark FAZ
-- D
100 1# - MAIN ENTRY--PERSONAL NAME
Personal name Ahmad, Fazl.
9 (RLIN) 37392
245 10 - TITLE STATEMENT
Title Ali the fourth caliph of Islam.
260 ## - PUBLICATION, DISTRIBUTION, ETC.
Place of publication, distribution, etc. Lahore,
Name of publisher, distributor, etc. Sh. Muhammad Ashraf,
Date of publication, distribution, etc. 1968.
300 ## - PHYSICAL DESCRIPTION
Extent 104p.
Dimensions 18 cm.
526 ## - STUDY PROGRAM INFORMATION NOTE
Program name 0
Interest level 0
Reading level 0
Title point value 297_646000000000000_FAZ
650 #0 - SUBJECT ADDED ENTRY--TOPICAL TERM
Topical term or geographic name entry element MCE
9 (RLIN) 379
650 #0 - SUBJECT ADDED ENTRY--TOPICAL TERM
Topical term or geographic name entry element Muslims
942 ## - ADDED ENTRY ELEMENTS (KOHA)
Source of classification or shelving scheme
Koha item type Book
Holdings
Withdrawn status Lost status Source of classification or shelving scheme Damaged status Not for loan Permanent Location Current Location Date acquired Total Checkouts Full call number Barcode Date last seen Date last checked out Price effective from Koha item type
          Military College of Engineering (MCE) Military College of Engineering (MCE) 09/30/2013 1 297.646 FAZ MCE-3028 12/15/2015 12/02/2015 09/30/2013 Book
© 2023 Central Library, National University of Sciences and Technology. All Rights Reserved.